Cours de langue et de civilisation Francaises (Record no. 28065)

MARC details
000 -LEADER
fixed length control field 00288nam a2200109Ia 4500
082 ## - DEWEY DECIMAL CLASSIFICATION NUMBER
Classification number 804
Item number MAU
100 ## - MAIN ENTRY--AUTHOR NAME
Personal name Mauger, G
245 #0 - TITLE STATEMENT
Title Cours de langue et de civilisation Francaises
260 ## - PUBLICATION, DISTRIBUTION, ETC. (IMPRINT)
Place of publication Paris
Name of publisher Librairie Hachette
Year of publication 1953
942 ## - ADDED ENTRY ELEMENTS (KOHA)
Koha item type Books
Holdings
Withdrawn status Lost status Damaged status Not for loan Home library Current library Date acquired Full call number Accession Number Koha item type
        RRII Library RRII Library 16/12/2021 804 MAU 08674 Books